Statistics for Longest Field Goals in NFL History

Click here to take the quiz!

General Stats

  • This quiz has been taken 27 times
  • The average score is 11 of 31

Answer Stats

YardYearTeamAnswer% Correct
662021Baltimore RavensJustin Tucker
100%
612013Baltimore RavensJustin Tucker
100%
642013Denver BroncosMatt Prater
64%
622021Arizona CardinalsMatt Prater
64%
622017New England PatriotsStephen Gostkowski
52%
602012St. Louis RamsGreg Zuerlein
48%
612015St. Louis RamsGreg Zuerlein
48%
602022New York JetsGreg Zuerlein
48%
622022Kansas City ChiefsHarrison Butker
48%
632019Dallas CowboysBrett Maher
40%
622018Dallas CowboysBrett Maher
40%
602022Dallas CowboysBrett Maher
40%
612009Oakland RaidersSebastian Janikowski
40%
632011Oakland RaidersSebastian Janikowski
40%
612021Denver BroncosBrandon McManus
36%
612017Philadelphia EaglesJake Elliot
36%
602022New Orleans SaintsWill Lutz
32%
632018Carolina PanthersGraham Gano
28%
612020Seattle SeahawksJason Myers
28%
632012San Francisco 49ersDavid Akers
24%
612022Minnesota VikingsGreg Joseph
24%
631998Denver BroncosJason Elam
24%
612021Houston TexansKa'imi Fairbairn
24%
601991New Orleans Saints+Morten Anderson
24%
631970New Orleans SaintsTom Dempsey
20%
602006Tennessee TitansRob Bironas
12%
602016Arizona CardinalsChandler Catanzaro
4%
602010Miami DolphinsDan Carpenter
4%
612012Arizona CardinalsJay Feely
4%
622006Tampa Bay BuccaneersMatt Bryant
0%
601984Cleveland BrownsSteve Cox
0%

Score Distribution

Percentile by Number Answered

Percent of People with Each Score

Your Score History

You have not taken this quiz